| 000 | 01842nam1a22003971 4500 | ||
|---|---|---|---|
| 001 | v19\rc\2024049 | ||
| 005 | 20260407223614.0 | ||
| 035 | _a(NLR Aleph) 005090743 | ||
| 090 |
_a7294442 _c7294442 |
||
| 100 | _a20251228 rusy50 | ||
| 101 | 0 | _arus | |
| 102 | _aRU | ||
| 105 | _a z ||||| | ||
| 200 | 1 |
_aКлиматические условия в районе Югозападного и Румынского фронтов... _fСост. Николаев. гл. физ. обсерваторией _gГидротехн. орг. ОЗУ для нужд армий Югозап. фронта |
|
| 210 |
_aПетроград _cтип. Имп. Акад. наук _d1916-1917 |
||
| 215 | _d22 | ||
| 710 | 0 | 2 |
_aНиколаевская главная физическая обсерватория _cПетербург _3RU\NLR\AUTH\889995669 _9488308 |
| 712 | 0 | 2 |
_4570 _aЮго-Западный фронт _c1914-1917 _3RU\NLR\AUTH\8810151480 _9797652 |
| 712 | 0 | 2 |
_4570 _aРумынский фронт _c1916-1918 _3RU\NLR\AUTH\8810125126 _9747721 |
| 801 | 0 |
_aRU _bNLR _gpsbo |
|
| 801 | 0 |
_aRU _bRuMoRGB _2psbo |
|
| 801 | 1 |
_aRU _bProSoft-M _2rusmarc |
|
| 852 |
_aNLR _jШифры разные _y(янв.-дек. 1916) |
||
| 899 |
_aRuMoRGB _jU 428/161 _y(янв.-дек. 1916) |
||
| 899 |
_aRuMoRGB _jW 62/279 _y(янв.-дек. 1916) |
||
| 899 |
_aRuMoRGB _jV 28/206 _y(янв.-дек. 1916) |
||
| 899 |
_aRuMoRGB _jV 439/755 (май м-ц) _y(янв.-дек. 1916) |
||
| 899 |
_aRuMoRGB _jΔ 129/10 _y(янв.-дек. 1916) |
||
| 899 |
_aRuMoRGB _jΔ 22/144 _y(янв.-дек. 1916) |
||
| 899 |
_aRuMoRGB _jΔ 129/11 _y(янв.-дек. 1916) |
||
| 899 |
_aБАН _y(янв.-дек. 1916) |
||
| 899 |
_aНБ СПбГУ _y(янв.-дек. 1916) |
||
| 899 |
_aНБ МГУ _y(янв.-дек. 1916) |
||
| 942 | _cBOOK | ||
| 980 | _aNB | ||